| 000 | 00571nam a22002177a 4500 | ||
|---|---|---|---|
| 003 | OSt | ||
| 005 | 20140310183043.0 | ||
| 008 | 130223t xxu||||| |||| 00| 0 eng d | ||
| 020 | _a9710868969 | ||
| 050 |
_aGV341 _b.T917 2008 |
||
| 082 |
_aF613.7 _bT917 2008 |
||
| 245 |
_aPhysical Education 2 : _cTulio, Doris D. _bfor college |
||
| 260 |
_aMandaluyong City : _bNational Book Store, _c2008 |
||
| 300 |
_a316p. _c25 cm |
||
| 521 | _acollege students | ||
| 526 | _c1210L-1700L | ||
| 541 | _j1 | ||
| 541 | _j2 | ||
| 562 | _e2 | ||
| 942 |
_2lcc _cBK _kFIL |
||
| 999 |
_c18559 _d18559 |
||